Aktuálny stav vybraného slobodného povolania znalec v SR diplomová práca

Uložené v:
Podrobná bibliografia
Hlavný autor: Chabanová, Eva
Korporativný autor: Fakulta podnikového manažmentu EU. Katedra podnikovohospodárska
Ďalší autori: Dubcová, Gabriela, 1968-
Médium: Kniha
Jazyk:Slovak
Vydavateľské údaje: Bratislava 2008
Tagy: Pridať tag
Žiadne tagy, Buďte prvý, kto otaguje tento záznam!

MARC

LEADER 00000nam$a2200000$$$4500
001 0086222
005 20240201114720.4
041 0 |a slo 
044 |a SK 
245 1 0 |a Aktuálny stav vybraného slobodného povolania znalec v SR  |b diplomová práca  |c Eva Chabanová ; škol. Gabriela Dubcová 
264 1 |a Bratislava  |c 2008 
300 |a 85 s. 
100 1 |a Chabanová, Eva 
700 1 |a Dubcová, Gabriela, 1968- 
710 2 |a Fakulta podnikového manažmentu EU. Katedra podnikovohospodárska